Civil engineering quantities (Record no. 87157)

MARC details
000 -LEADER
fixed length control field 00470cam a2200205 4500
001 - CONTROL NUMBER
control field D8622
008 - FIXED-LENGTH DATA ELEMENTS--GENERAL INFORMATION
fixed length control field 090401t1971 xxu||||| |||| 00| 0 eng d
035 ## - SYSTEM CONTROL NUMBER
System control number (Sirsi) u14191
041 ## - LANGUAGE CODE
Language code of text/sound track or separate title eng
050 ## - LIBRARY OF CONGRESS CALL NUMBER
Classification number 624.05
100 ## - MAIN ENTRY--PERSONAL NAME
Personal name Seeley, Ivor Hugh
245 ## - TITLE STATEMENT
Title Civil engineering quantities
250 ## - EDITION STATEMENT
Edition statement SI
260 ## - PUBLICATION, DISTRIBUTION, ETC.
Place of publication, distribution, etc. London
Name of publisher, distributor, etc. MacMillan
Date of publication, distribution, etc. 1971
300 ## - PHYSICAL DESCRIPTION
Extent x. 341p. illus
350 ## - PRICE (NR) (BK AM CF MU VM SE) [OBSOLETE]
Price 3.25
520 ## - SUMMARY, ETC.
Summary, etc. Reserve shelf 300.
942 ## - ADDED ENTRY ELEMENTS (KOHA)
Suppress in OPAC 0
948 ## - LOCAL PROCESSING INFORMATION (OCLC); SERIES PART DESIGNATOR (RLIN)
c (OCLC) 04/03/1997
Holdings
Withdrawn status Lost status Source of classification or shelving scheme Damaged status Not for loan Home library Current library Shelving location Date acquired Cost, normal purchase price Total Checkouts Full call number Barcode Date last seen Copy number Cost, replacement price Price effective from Koha item type
    Dewey Decimal Classification     London London Basement 14/09/1999 3.25   SHELF 300 30008610 06/08/2019 1 3.25 06/08/2019 Book